| 000 | 00628nam a22001817a 4500 | ||
|---|---|---|---|
| 003 | AUA.1 | ||
| 005 | 20251016133658.0 | ||
| 008 | 250702b |||||||| |||| 00| 0 eng d | ||
| 040 | _cJTL | ||
| 100 | _aBendele, Simon Pierre | ||
| 245 |
_aChurch planting as a strategy for church growth in Mfou Seventh-day Adventist church district, Cameroon / _cSimon Pierre Bendele. |
||
| 260 | _cc2023. | ||
| 300 |
_aix, 101 leaves : _bIllustrations : _c30cm. |
||
| 610 | _aMfou Seventh-day Adventist Church, Cameroon | ||
| 650 | _aChurch growth | ||
| 650 | _aChurch development, New | ||
| 942 |
_2aua _cTHESIS _hMDiv _i.B46 2023 |
||
| 999 |
_c25147 _d25147 |
||